000
00289nam a22001337a 4500
008
180119b xxu||||| |||| 00| 0 eng d
020
_a
0803628080
041
_a
eng
080
_a
610
100
_a
4
101
_a
SHM
245
_a
Working in Health Care
_c
Drafke, M.W
942
_2
udc
_c
BK
999
_c
40565
_d
40565